000 00250nam a22000977a 4500
999 _c11130
_d11130
008 180922b ||||| |||| 00| 0 eng d
020 _a819006066
100 _aCHANDRA, SHARMILA
_96894
245 _aRICE COOK BOOK
260 _aNEW DELHI
_bVALUE BOOKS
_c2003